Los hijos del topo. Caín.
Guardat en:
| Autor principal: | |
|---|---|
| Altres autors: | |
| Format: | Desconegut |
| Idioma: | anglès |
| Publicat: |
Barcelona, España:
Reservoir Gráfica, Penguin Random House,
2016.
|
| Edició: | Primera edición. |
| Matèries: | |
| Etiquetes: |
Afegir etiqueta
Sense etiquetes, Sigues el primer a etiquetar aquest registre!
|
MARC
| LEADER | 00000 a2200000 4500 | ||
|---|---|---|---|
| 003 | CL-VaPUC | ||
| 005 | 20250311102710.0 | ||
| 008 | 230530t2016 ||||| |||| 00| 0 eng d | ||
| 999 | |c 440785 |d 440783 | ||
| 020 | |a 978-84-16709-23-6 | ||
| 040 | |c Pontificia Universidad Católica de Valparaíso | ||
| 082 | |2 22 |a 741.5983 JOD 2016 | ||
| 100 | |a Jodorowsky Prullansky, Alejandro, |d 1929- |e autor |9 615951 | ||
| 245 | |a Los hijos del topo. |b Caín. | ||
| 250 | |a Primera edición. | ||
| 260 | |a Barcelona, España: |b Reservoir Gráfica, |b Penguin Random House, |c 2016. | ||
| 300 | |a 63 páginas: ilustraciones. | ||
| 583 | |k Catalogador Asistente |c 20230530 | ||
| 650 | 0 | |a Literatura chilena |v Cómics |y Siglo 20 |9 308278 | |
| 650 | 0 | |a Novela gráfica |y Siglo 20 |z Chile |9 561356 | |
| 650 | 0 | |9 882681 |a Historietas chilenas |y Siglo 20 | |
| 700 | |9 882680 |a Ladrönn, José |e autor | ||
| 942 | |2 ddc |c BK | ||
| 952 | |0 0 |1 0 |2 ddc |4 0 |6 741_598300000000000_JOD_2016 |7 0 |8 A |9 590215 |a BIBART |b BIBART |c GEN |d 2023-05-26 |e 181 |g 14000.00 |i 5657559 |o 741.5983 JOD 2016 |p 5657559 |r 2025-03-13 |t 1 |v 14000.00 |w 2023-05-26 |y BK |k ART | ||